The secret sanctuary / (Record no. 203827)

MARC details
000 -LEADER
fixed length control field 00659nam a22002057a 4500
005 - DATE AND TIME OF LATEST TRANSACTION
control field 20240628145134.0
010 ## - LCCN (DPL NO)
LC control number B-760000
020 ## - INTERNATIONAL STANDARD BOOK NUMBER
International Standard Book Number 9780143333982
Terms of availability 199.00
035 ## - SYSTEM CONTROL NUMBER
System control number B-760000
037 ## - SOURCE OF ACQUISITION
Source of stock number/acquisition Gift
082 ## - DEWEY DECIMAL CLASSIFICATION NUMBER
Classification number S
100 ## - MAIN ENTRY--PERSONAL NAME
Personal name Alter, Stephen
245 ## - TITLE STATEMENT
Title The secret sanctuary /
Statement of responsibility, etc by Stephen Alter; illustrated by Prabha Mallya
260 ## - PUBLICATION, DISTRIBUTION, ETC. (IMPRINT)
Place of publication, distribution, etc Gurgaon
Name of publisher, distributor, etc Puffin Book
Date of publication, distribution, etc 2015
270 ## - ADDRESS
Address 7th Floor, Infinity Tower C, DLF Cyber City,
City Gurgaon
Postal code 122002
300 ## - PHYSICAL DESCRIPTION
Extent various pagings
Dimensions 19cm(pbk)
700 ## - ADDED ENTRY--PERSONAL NAME
Personal name Mallya, Prabha
9 (RLIN) 67925
942 ## - ADDED ENTRY ELEMENTS (KOHA)
Source of classification or shelving scheme Dewey Decimal Classification
Item type Children Books
Call number suffix ALT
Classification part S
Holdings
Withdrawn status Lost status Not for loan Collection code Home library Current library Date acquired Source of acquisition Cost, normal purchase price Full call number Barcode Copy number Cost, replacement price Koha item type Public note
      Fiction Ashok Vihar Ashok Vihar 28/06/2024 Gift/25.06.2024 199.00 ALT S B-760000 1 199.00 Children Books Gift

© Delhi Public Library
Hit Counter
free hit counter